000 00680nam a2200193Ia 4500
003 GCL
008 140319s9999 xx 000 0 ara d
040 _aGCL /
_cGCL
082 0 4 _aق
_b962.052
_bع ص
100 1 _aعبدالحميد محمد المشهدى
245 1 0 _aصحيفة سوابق /
_cعبدالحميد محمد المشهدى
300 _a160 ص
490 _aالهيئة العامة للاستعلامات
_v0
650 0 4 _aمصطفى النحاس
650 0 4 _aرجال الدولة - تاريخ ونقد
650 0 4 _aمصر - الاحوال السياسية
650 0 4 _aمصر - تاريخ - العصر الحديث (1805 - 1956 )
942 _2ddc
_cBK
999 _c47651
_d47651